Lunfardo - la jerga marginal como el lenguaje literario en la obra de Roberto Arlt
Gespeichert in:
| 1. Verfasser: | |
|---|---|
| Format: | Buchkapitel |
| Sprache: | Spanisch |
| Tags: |
Keine Tags, Fügen Sie das erste Tag hinzu!
|
MARC
| LEADER | 00000naa$a2200000$$$4500 | ||
|---|---|---|---|
| 001 | 0219511 | ||
| 005 | 20240502073621.7 | ||
| 041 | 0 | |a spa | |
| 044 | |a SK | ||
| 245 | 1 | 0 | |a Lunfardo - la jerga marginal como el lenguaje literario en la obra de Roberto Arlt |c Sofia Tužinská |
| 100 | 1 | |a Tužinská, Sofia, 1973- | |